Central Library OPAC University of Rajshahi

A history of mathematics / (Record no. 66798)

MARC details
000 -LEADER
fixed length control field 00660nam a2200229 a 4500
001 - CONTROL NUMBER
control field 66798
003 - CONTROL NUMBER IDENTIFIER
rucl marc code BD-RjUL
005 - DATE AND TIME OF LATEST TRANSACTION
control field 20211209081559.0
008 - FIXED-LENGTH DATA ELEMENTS--GENERAL INFORMATION
fixed length control field 170320m19551919nyua 001 0 eng d
035 ## - SYSTEM CONTROL NUMBER
System control number (BD-RjUL)66929
040 ## - CATALOGING SOURCE
Original cataloging agency DLC
Transcribing agency OSW
Modifying agency OCoLC
-- BD-RjUL
Language of cataloging eng
041 ## - LANGUAGE CODE
Language code of text/sound track or separate title eng
082 ## - DEWEY DECIMAL CLASSIFICATION NUMBER
Edition number 23
Classification number 510
Author mark and year CAH 1955
100 1# - MAIN ENTRY--PERSONAL NAME
Personal name Cajori, Florian
9 (RLIN) 197759
245 12 - TITLE STATEMENT
Title A history of mathematics /
Statement of responsibility, etc. by Florian Cajori
250 ## - EDITION STATEMENT
Edition statement 2d ed., rev. and enl.
260 ## - PUBLICATION, DISTRIBUTION, ETC. (IMPRINT)
Place of publication, distribution, etc. New York :
Name of publisher, distributor, etc. The Macmillan Company,
Date of publication, distribution, etc. 1919 [Printing 1955].
300 ## - PHYSICAL DESCRIPTION
Pagination viii, 514 p. :
Illustrations ill. ;
Size 22 cm.
500 ## - GENERAL NOTE
General note Include Index.
650 #0 - SUBJECT ADDED ENTRY--TOPICAL TERM
Topical term or geographic name as entry element Mathematics
9 (RLIN) 197760
942 ## - ADDED ENTRY ELEMENTS (KOHA)
Source of classification or shelving scheme Dewey Decimal Classification
Koha item type Books
Holdings
Lost status Source of classification or shelving scheme Damaged status Not for loan Collection code Permanent Location Current Location Shelving location Date acquired Source of acquisition Cost, normal purchase price Total Checkouts Full call number Date last seen Copy number Koha item type
  Dewey Decimal Classification   Not For Loan Non-fiction Central Library, University of Rajshahi Central Library, University of Rajshahi Reading Room 09/12/2021 Thom and Thom 33.12   510 CAH 1955 20/03/2017 C-1 Books